Dawne państwa po kształcie flagi - Statystyki

Ogólne statystyki
  • Ten quiz został rozwiązany 19 910 razy
  • Średni wynik to 9 z 16
Statystyki odpowiedzi
Obrazkowy Odpowiedź % Poprawnych
Związek Radziecki
98%
Czechosłowacja
89%
Jugosławia
89%
Austro-Węgry
88%
Szkocja
85%
Imperium Osmańskie
78%
Niemiecka Republika Demokratyczna
69%
Teksas
69%
Prusy
67%
Wielka Kolumbia
40%
Cesarstwo Zachodniorzymskie
38%
Tybet
37%
Zair
25%
Wietnam Południowy
24%
Nowa Fundlandia
15%
Vermont
7%
Nie znaleziono quizów pasujących do podanych kryteriów
Rozkład punktacji
Procent ludzi z każdym wynikiem
Percentyl według liczby udzielonych odpowiedzi
Twoja historia wyników
Nie rozwiązałeś tego quizu